| 000 | 00813nam a2200229Ia 4500 | ||
|---|---|---|---|
| 008 | 130821s2004 ck a gr spa | ||
| 020 | _a9589482406 | ||
| 040 |
_aCo-BoUCM _bspa |
||
| 041 | 0 | 0 | _aspa |
| 100 | 1 |
_aLopez FORERO, Luis Edilberto _d1940- _9162452 |
|
| 245 | 1 | 3 |
_aLa comunicación y los medios de información _cLuis López Forero |
| 260 |
_aBogotá (Colombia) _bEdiciones El Buho _c2004 |
||
| 300 |
_a445 páginas _bcuadros, tablas |
||
| 504 | _aIncluye bibliografía. | ||
| 650 | 0 | 4 |
_aComunicación en educación _911359 |
| 650 | 0 | 4 |
_aFilosofía de la comunicación _915754 |
| 650 | 0 | 4 |
_aMedios de comunicación de masas _919235 |
| 650 | 0 | 4 |
_aPeriodismo _921340 |
| 650 | 0 | 4 |
_aTeoría de la información _925279 |
| 942 |
_cLIBRO _a5 _e1 _mL864c _2DEWEY _h302.2 |
||
| 999 |
_c48297 _d48297 |
||